|
|
|
|
| LEADER |
00000cam a2200000 7i4500 |
| 001 |
0000055003 |
| 005 |
20220105105356.0 |
| 008 |
151107 |
| 020 |
|
|
|a 9830347893
|
| 090 |
0 |
0 |
|a AD
|b MAL
|
| 100 |
1 |
|
|a Noorma Ismail
|
| 245 |
1 |
0 |
|a Menumpaskan sindiket penipuan
|c Noorma Ismail
|
| 260 |
|
|
|a Kuala Lumpur :
|b Penerbitan Hartamas ,
|c 2003
|
| 300 |
|
|
|a 120pg. :
|b ill
|
| 490 |
1 |
|
|a Koleksi pengembaraan mencabar
|
| 500 |
|
|
|a Children ages 7-9 years old (orange)
|
| 650 |
|
0 |
|a Children's story, Malay
|
| 999 |
|
|
|a 0000920619
|b Book
|c Children Collection
|e Cawangan Bukit Gambir
|
| 999 |
|
|
|a 0000920620
|b Book
|c Children Collection
|e Cawangan Bukit Gambir
|
| 999 |
|
|
|a 0000920621
|b Book
|c Children Collection
|e Cawangan Bukit Gambir
|